KOHA-Header-6

How Psychology Works (Record no. 13107)

000 -LEADER
fixed length control field 00265nam a22001217a 4500
020 ## - INTERNATIONAL STANDARD BOOK NUMBER
ISBN 9780241317693
082 ## - DEWEY DECIMAL CLASSIFICATION NUMBER
Classification number 150
100 ## - MAIN ENTRY--AUTHOR NAME
Personal name Jo Hemmings
245 ## - TITLE STATEMENT
Title How Psychology Works
260 ## - PUBLICATION, DISTRIBUTION, ETC. (IMPRINT)
Place of publication China
Name of publisher Penguin Random House
Year of publication 2018
300 ## - PHYSICAL DESCRIPTION
Number of Pages 255 pages
942 ## - ADDED ENTRY ELEMENTS (KOHA)
Koha item type Books
Holdings
Withdrawn status Lost status Collection code Permanent Location Current Location Shelving location Date acquired Full call number Accession Number Koha item type
    Psychology MAJU MAJU Shelf No.B35 2021-05-26 150 10203 Psychology

Powered by Koha